| 000 | 01328nam0a2200349 4500 | ||
|---|---|---|---|
| 001 | RU\NLR\bibl\87386 | ||
| 005 | 20250617073930.0 | ||
| 010 |
_a5-86523-062-Х _910000 |
||
| 021 |
_aRU _b2000-14587 _9708 |
||
| 021 |
_aRU _b2000-16690 _9801 |
||
| 035 | _a(NLR Aleph) 000085357 | ||
| 090 |
_a476899 _c476899 |
||
| 100 | _a20000522d2000 |||y0rusy50 ca | ||
| 101 | 0 | _arus | |
| 102 | _aRU | ||
| 105 | _ay ||||||||| | ||
| 200 | 1 |
_aФинал катастрофы _fГеоргий Себов |
|
| 210 |
_aМ. _cВитязь _d2000 |
||
| 215 |
_a191 с. _d20 |
||
| 320 | _aБиблиогр. в тексте | ||
| 327 | 1 | _aВ прил.: РПЦ - оружие информационной агрессии / Попов О. Н.; О необходимости национального восстания / Б. Миронов | |
| 606 | 0 |
_aЕвреи _yРоссия _91073154 _3RU\NLR\auth\66418242 |
|
| 606 | 0 |
_aАнтисемитизм _yРоссийская Федерация _92092835 _3RU\NLR\auth\661266568 |
|
| 686 | _aТ3(29=Е) | ||
| 700 | 1 |
_aСебов _bГ. Ф. _gГеоргий Федорович _4070 |
|
| 801 | 0 |
_aRU _bNLR _c20000522 _gPSBO |
|
| 801 | 1 |
_aRU _bNLR _c20000522 |
|
| 830 | _aАвт. раскрыт по кн. | ||
| 852 |
_aNLR _j2000-3/3120 |
||
| 942 | _cBOOK | ||
| 980 | _aNB | ||